Ecological studies of family life

Saved in:
Bibliographic Details
Main Author: Vetere, Arlene
Format: Book
Language:English
Published: Chichester : John Wiley and Sons, c1987.
Subjects:
Tags: Add Tag
No Tags, Be the first to tag this record!

MARC

LEADER 00000cam a2200000 i 4500
001 1/62257
008 930916s enk| ||| |||| ||eng||
020 |a 0471912530 
035 |a ΛΕΣΒΟΣb10001000  |l 10001000 
040 |a GR-MyUa  |b gre  |e AACR2 
041 0 |a eng 
082 7 |a 306.85   |2 (22) 
100 1 |a Vetere, Arlene. 
245 1 0 |a Ecological studies of family life /   |c Arlene Vetere. 
260 |a Chichester :   |b John Wiley and Sons,   |c c1987. 
300 |a 206 σ. ;   |c 24 εκ. 
500 |a Περιλαμβάνει ευρετήριο. 
650 0 |a Family life surveys. 
650 0 |a Families  |x Research. 
852 |a INST  |b LESVOS  |e 19930916  |h 306.85 VET  |p 005100004678  |q 005100004678  |t BK  |y 0